|
|
|
|
| LEADER |
00000naa a2200000 c 4500 |
| 001 |
1640592725 |
| 003 |
DE-627 |
| 005 |
20180131114525.0 |
| 007 |
tu |
| 008 |
180131s2018 xx ||||| 00| ||ger c |
| 035 |
|
|
|a (DE-627)1640592725
|
| 035 |
|
|
|a (DE-576)497895757
|
| 035 |
|
|
|a (DE-599)BSZ497895757
|
| 040 |
|
|
|a DE-627
|b ger
|c DE-627
|e rda
|
| 041 |
|
|
|a ger
|
| 100 |
1 |
|
|a Klose, Bernhard
|d 1966-
|e VerfasserIn
|0 (DE-588)172969050
|0 (DE-627)697895289
|0 (DE-576)133822737
|4 aut
|
| 109 |
|
|
|a Klose, Bernhard 1966-
|
| 245 |
1 |
0 |
|a Aktuelle Entwicklungen des Wirtschaftsstrafrechts für die gerichtliche und die staatsanwaltschaftliche Praxis
|c Bernhard Klose
|
| 264 |
|
1 |
|c 2018
|
| 336 |
|
|
|a Text
|b txt
|2 rdacontent
|
| 337 |
|
|
|a ohne Hilfsmittel zu benutzen
|b n
|2 rdamedia
|
| 338 |
|
|
|a Band
|b nc
|2 rdacarrier
|
| 773 |
0 |
8 |
|i Enthalten in
|t Neue Zeitschrift für Wirtschafts-, Steuer- und Unternehmensstrafrecht
|d München : Beck, 2012
|g 7(2018), 1, Seite 11-20
|w (DE-627)684132583
|w (DE-600)2647349-5
|w (DE-576)357787552
|x 2193-5777
|7 nnas
|
| 773 |
1 |
8 |
|g volume:7
|g year:2018
|g number:1
|g pages:11-20
|
| 951 |
|
|
|a AR
|
| ELC |
|
|
|b 1
|
| LOK |
|
|
|0 000 xxxxxcx a22 zn 4500
|
| LOK |
|
|
|0 001 3613862786
|
| LOK |
|
|
|0 003 DE-627
|
| LOK |
|
|
|0 004 1640592725
|
| LOK |
|
|
|0 005 20260302145338
|
| LOK |
|
|
|0 008 200326||||||||||||||||ger|||||||
|
| LOK |
|
|
|0 040
|a DE-21-110
|c DE-627
|d DE-21-110
|
| LOK |
|
|
|0 689
|a s
|a Wirtschaftsstrafverfahren
|
| LOK |
|
|
|0 689
|a s
|a Insolvenzstrafrecht
|
| LOK |
|
|
|0 689
|a s
|a Gewinnerzielungsabsicht
|
| LOK |
|
|
|0 689
|a s
|a Geldwäsche
|
| LOK |
|
|
|0 689
|a s
|a Untreue
|
| LOK |
|
|
|0 689
|a s
|a Bankrott
|
| LOK |
|
|
|0 852
|z Kein Bestand am IfK; Nachweis für KrimDok
|
| LOK |
|
|
|0 852
|a DE-21-110
|
| LOK |
|
|
|0 852 1
|m v
|9 00
|
| LOK |
|
|
|0 935
|a krub
|
| LOK |
|
|
|0 938
|k v
|
| LOK |
|
|
|0 939
|a 26-03-20
|b l01
|
| ORI |
|
|
|a WA-MARC-krimdoka001.raw
|